| 000 | 00460 a2200145 4500 | ||
|---|---|---|---|
| 005 | 20250527082744.0 | ||
| 020 | _a978-1-84980-142-3 | ||
| 082 | _a658. 8 LIL | ||
| 245 | _aHandbook Of Business-To-Business Marketing | ||
| 260 |
_aCheltenham, _bEdward Elgar, _c2012. |
||
| 300 |
_axxii, 772p.: ill.; figure, table. _bIndex, references. _c25cm. |
||
| 700 | _aLILIEN, G. L. & GREWAL, R. | ||
| 856 |
_yAccess online book _fMarketing _dwww.e-elgar.com |
||
| 942 |
_2ddc _cBKS |
||
| 999 |
_c2703 _d2703 |
||